000 00885nam a22002055i 4500
001 162462
003 ES-MaACL
005 20230906212530.0
008 990217m18681869sp |||| | spa d
080 _a355.21(460)
100 1 _aPortillo y del Villar, Rafael.
_9131297
245 1 0 _aAlgunas ideas que puedan servir de base para un proyecto de supresión de quintas, y sustitución de éstas por los enganches y reenganches voluntarios /
_cde Rafael Portillo y del Villar.
260 _aSevilla :
_bA. Izquierdo,
_c1868 [i.e. 1869]
300 _a16 p. ;
_c21 cm.
510 4 _aPalau,
_c233558
596 _aSegún Palau, y la p. 16 del texto, el año de publicación es 1869.
650 4 _aReclutamiento y alistamiento-
_zEspaña.
_9171605
752 _aEspaña -
_dSevilla
852 4 _aES-MaACL
_jT-92-F-5
_z- Enc. hol., falto de cub. original
_z- Enc. en un vol. facticio
999 _c162462
_d162462